| 000 | 00000nam##2200000za#4500 |
| 001 | 9.639907 |
| 003 | CaOODSP |
| 005 | 20210624222414 |
| 007 | cr ||||||||||| |
| 008 | 150407|2001||||xxc|||||o f|0| 0 fre|d |
| 040 | |aCaOODSP|bfre |
| 043 | |an-cn--- |
| 086 | 1 |aE94-314/2001F-PDF |
| 110 | 1 |aCanada.|bAgence canadienne de développement international. |
| 245 | 10|aPlan d'action de l'ACDI pour la protection des enfants : |h[ressource électronique]|bpromouvoir les droits des enfants ayant besoin de mesures de protection spéciale |
| 260 | |aHull - Québec : |bAgence canadienne de développement international |cJuin 2001. |
| 300 | |a52p.|btableau |
| 500 | |aLes photos ne sont pas incluses. Le n° de catalogue (E94-314/2001F) et l'ISBN (0-662-85987-1) de l'édition imprimée ont été incorrectement copiés dans l'édition électronique. |
| 590 | |a12-16-Supp|b2012-04-17 |
| 691 | 07|aDéfense des droits|2gcpds |
| 691 | 07|aDroits de l'enfant|2gcpds |
| 691 | 07|aPauvreté dans l'enfance|2gcpds |
| 775 | 08|tCIDA's action plan on child protection : |w(CaOODSP)9.695813 |
| 776 | 0#|tPlan d'action de l'ACDI pour la protection des enfants : |w(CaOODSP)9.681542 |
| 856 | 40|ahttp://publications.gc.ca|qPDF|s512 Ko|uhttps://publications.gc.ca/collections/Collection/E94-314-2001F.pdf |